UM Logo

A Development an Online Alumni Management System for Alumni Association in UM Digos College Using Kano Analysis for Product Feature Prioritization/ (Record no. 14742)

MARC details
000 -LEADER
fixed length control field 00731nam a22001697a 4500
008 - FIXED-LENGTH DATA ELEMENTS--GENERAL INFORMATION
fixed length control field 191121b ||||| |||| 00| 0 eng d
082 ## - DEWEY DECIMAL CLASSIFICATION NUMBER
Edition number 2019
Classification number UT 1346
Item number T15
100 ## - MAIN ENTRY--PERSONAL NAME
Personal name Tampipi, Edgar Bryan
9 (RLIN) 39142
245 ## - TITLE STATEMENT
Title A Development an Online Alumni Management System for Alumni Association in UM Digos College Using Kano Analysis for Product Feature Prioritization/
Statement of responsibility, etc. Edgar Bryan Tampipi, Darel Dave O. Jera and Kirvy Q. Balaba
260 ## - PUBLICATION, DISTRIBUTION, ETC. (IMPRINT)
Place of publication, distribution, etc. Digos City
Name of publisher, distributor, etc. UMDC
Date of publication, distribution, etc. April 2019
300 ## - PHYSICAL DESCRIPTION
Extent 46 pages
Dimensions 30cm
650 ## - SUBJECT ADDED ENTRY--TOPICAL TERM
Topical term or geographic name as entry element Technical Programs
Form subdivision Information Technology
General subdivision Undergraduate Thesis
9 (RLIN) 40710
700 ## - ADDED ENTRY--PERSONAL NAME
Personal name Tampipi, Edgar Bryan
9 (RLIN) 39142
700 ## - ADDED ENTRY--PERSONAL NAME
Personal name Jera, Darel Dave O.
9 (RLIN) 39143
700 ## - ADDED ENTRY--PERSONAL NAME
Personal name Balaba, Kirvy Q.
9 (RLIN) 39144
942 ## - ADDED ENTRY ELEMENTS (KOHA)
Source of classification or shelving scheme Dewey Decimal Classification
Koha item type Undergraduate Thesis
Holdings
Withdrawn status Lost status Source of classification or shelving scheme Damaged status Not for loan Collection code Home library Current library Date acquired Total Checkouts Full call number Barcode Date last seen Price effective from Koha item type
    Dewey Decimal Classification     Undergraduate Theses UM Digos College - LIC UM Digos College - LIC 11/07/2019   UT 1346 T15 2019 UT 1346 11/21/2019 11/21/2019 Undergraduate Thesis